Historia de los Derechos Humanos en las constituciones colombianas

Detalles Bibliográficos
Autor principal: Salazar Cc̀eres, Carlos Gabriel
Formato: eBook
Lenguaje:español
Publicado: [Colombia] : Universidad de Santo Toms̀, 2010
Materias:
Acceso en línea:Acceso restringido

MARC

LEADER 00000nam a22000007a 4500
005 20111014104854.0
008 111014s2010 ck |||||s|||| 00||0 spa d
020 |a 9789588561103 
035 |a 5979 
040 |a vLex 
090 |c 2656  |d 2656 
100 1 |a Salazar Cc̀eres, Carlos Gabriel 
245 1 0 |a Historia de los Derechos Humanos en las constituciones colombianas  |h [Recurso electrn̤ico] /  |c Carlos Gabriel Salazar Cc̀eres 
256 |a Servicio en ln̕ea. 
260 |a [Colombia] :  |b Universidad de Santo Toms̀,  |c 2010 
300 |a 1 recurso electrn̤ico 
506 1 |a Contenido solo disponible en los productos indicados  |d vLex Global  |d vLex Global (Academic Edition, excluding Law Schools)  |d vLex Global (U.S. Academic Edition, Law Schools)  |d vLex Global (U.S. Academic Edition, excluding Law Schools)  |d vLex Global (Academic Edition, Law Schools) 
650 0 4 |a Derechos Humanos  |z Colombia 
740 0 |a vLex Libros (Servicio en ln̕ea) 
856 4 0 |u http://vlex.com/source/5979  |z Acceso restringido 
942 |c BOOK